Obchody v čase krízy: čo sa mení a čo zostalo v roku 2020

Predikcia trendov roku 2020 v českom potravinárskom maloobchode.

Guardado en:
Detalles Bibliográficos
Autor principal: Skála, Zdeněk
Formato: Capítulo de libro
Lenguaje:eslovaco
Materias:
Etiquetas: Agregar Etiqueta
Sin Etiquetas, Sea el primero en etiquetar este registro!

MARC

LEADER 00000naa a2200000 4500
001 0277146
005 20210712125637.2
041 0 |a slo 
044 |a CZ 
245 1 0 |a Obchody v čase krízy: čo sa mení a čo zostalo v roku 2020  |c Zdeněk Skála 
520 |a Predikcia trendov roku 2020 v českom potravinárskom maloobchode. 
610 2 0 |a tržby 
610 2 0 |a prognózy hospodárske 
610 2 0 |a potravinárstvo 
610 2 0 |a maloobchod 
610 2 0 |a Česko 
100 1 |a Skála, Zdeněk